[Event "CRO-chT1B 24th"]
[Site "Bol"]
[Date "2015.10.10"]
[Round "8.56"]
[White "Mestrovic, Zvonimir"]
[Black "Malenica, Mario"]
[Result "1-0"]
[WhiteElo "2271"]
[BlackElo "2199"]
[PlyCount "75"]
[EventDate "2015.10.03"]
[EventType "team-tourn"]
[EventRounds "9"]
[EventCountry "CRO"]
[SourceTitle "CBM 168 Extra"]
[Source "ChessBase"]
[SourceDate "2015.10.29"]
[SourceVersion "1"]
[SourceVersionDate "2015.10.29"]
[SourceQuality "1"]
[WhiteTeam "Bibinje Goran"]
[BlackTeam "Sibenik"]
[WhiteTeamCountry "CRO"]
[BlackTeamCountry "CRO"]

1. e4 d6 2. d4 Nf6 3. Nc3 g6 4. Be2 Bg7 5. h4 c5 6. e5 dxe5 7. dxe5 Qxd1+ 8. Bxd1 Ng4 9. f4 0-0 10. Ne4 Na6 11. h5 Rd8 12. hxg6 hxg6 13. c3 Bf5 14. Bf3 c4 15. Rh4 Bxe4 16. Bxe4 Nc5 17. Bxg6 fxg6 18. Rxg4 Kf7 19. Be3 Nd3+ 20. Ke2 Nxb2 21. Nf3 Rd3 22. Bd4 Na4 23. Ng5+ Kg8 24. Ne4 Rd8 25. Rc1 b5 26. Rxg6 R8xd4 27. cxd4 Rxd4 28. Kf3 Rd3+ 29. Kg4 Kf7 30. Kf5 Bf8 31. Ra6 Rd4 32. Rxa7 Kg8 33. Ng5 Nc5 34. Ra8 e6+ 35. Nxe6 Nxe6 36. Kxe6 Rxf4 37. Rc3 b4 38. Rg3+ 1-0

[Event "CRO-chT1B 24th"]
[Site "Bol"]
[Date "2015.10.05"]
[Round "3.46"]
[White "Glavas, Dragan"]
[Black "Mestrovic, Zvonimir"]
[Result "1/2-1/2"]
[WhiteElo "2228"]
[BlackElo "2271"]
[PlyCount "61"]
[EventDate "2015.10.03"]
[EventType "team-tourn"]
[EventRounds "9"]
[EventCountry "CRO"]
[SourceTitle "CBM 168 Extra"]
[Source "ChessBase"]
[SourceDate "2015.10.29"]
[SourceVersion "1"]
[SourceVersionDate "2015.10.29"]
[SourceQuality "1"]
[WhiteTeam "Pula CC"]
[BlackTeam "Bibinje Goran"]
[WhiteTeamCountry "CRO"]
[BlackTeamCountry "CRO"]

1. d4 Nf6 2. c4 e5 3. dxe5 Ng4 4. Nf3 Nc6 5. e3 Ngxe5 6. Be2 Bb4+ 7. Bd2 Bxd2+ 8. Qxd2 0-0 9. Nc3 d6 10. Nxe5 Nxe5 11. 0-0 Be6 12. b3 Nd7 13. Bf3 Rb8 14. Rad1 a6 15. Qc2 b5 16. cxb5 axb5 17. Ne2 Ne5 18. Be4 f5 19. Bd5 Bxd5 20. Rxd5 Qe7 21. Rfd1 Qf7 22. R5d4 Ra8 23. h3 Ra6 24. Rf4 g5 25. Rb4 Rfa8 26. a4 bxa4 27. Rxa4 Rxa4 28. bxa4 Qc4 29. Qxc4+ Nxc4 30. Nc3 Kf7 31. Rd4 1/2-1/2

[Event "CRO-chT1B 24th"]
[Site "Bol"]
[Date "2015.10.04"]
[Round "2.26"]
[White "Mestrovic, Zvonimir"]
[Black "Separovic, Tomislav"]
[Result "1/2-1/2"]
[WhiteElo "2271"]
[BlackElo "2198"]
[PlyCount "56"]
[EventDate "2015.10.03"]
[EventType "team-tourn"]
[EventRounds "9"]
[EventCountry "CRO"]
[SourceTitle "CBM 168 Extra"]
[Source "ChessBase"]
[SourceDate "2015.10.29"]
[SourceVersion "1"]
[SourceVersionDate "2015.10.29"]
[SourceQuality "1"]
[WhiteTeam "Bibinje Goran"]
[BlackTeam "Dubrovnik"]
[WhiteTeamCountry "CRO"]
[BlackTeamCountry "CRO"]

1. e4 d5 2. exd5 Qxd5 3. Nc3 Qd6 4. d4 Nf6 5. Be2 Nc6 6. Nf3 a6 7. Bg5 Bf5 8. d5 Nb4 9. Nd4 Bg6 10. Bxf6 Qxf6 11. 0-0 0-0-0 12. Bf3 e6 13. Qd2 Nxd5 14. Nxd5 exd5 15. Rad1 Bd6 16. g3 h5 17. Bxd5 Be5 18. Nb3 c6 19. Qe2 Rhe8 20. Bxc6 bxc6 21. Qxa6+ Kc7 22. Qa5+ Kc8 23. Nc5 Rxd1 24. Qa8+ Kc7 25. Qa7+ Kc8 26. Qa8+ Kc7 27. Qa7+ Kc8 28. Qa8+ Kc7 1/2-1/2

[Event "Sarajevo Bosna op 45th"]
[Site "Sarajevo"]
[Date "2015.06.01"]
[Round "4"]
[White "Mestrovic, Zvonimir"]
[Black "Dedic, Nedzad"]
[Result "1/2-1/2"]
[WhiteElo "2278"]
[BlackElo "1927"]
[PlyCount "98"]
[EventDate "2015.05.30"]
[EventType "swiss"]
[EventRounds "9"]
[EventCountry "BIH"]
[SourceTitle "CBM 166 Extra"]
[Source "ChessBase"]
[SourceDate "2015.06.18"]
[SourceVersion "1"]
[SourceVersionDate "2015.06.18"]
[SourceQuality "1"]

1. e4 e6 2. e5 d6 3. exd6 Bxd6 4. d4 c5 5. dxc5 Bxc5 6. Qxd8+ Kxd8 7. Nc3 Bd7 8. Ne4 Be7 9. Nf3 Bc6 10. Neg5 Ke8 11. Ne5 Bxg5 12. Bxg5 Ne7 13. Nc4 Nc8 14. 0-0-0 f6 15. Be3 Nd7 16. Na5 Ne7 17. Nxc6 Nxc6 18. Bb5 Ke7 19. Bxc6 bxc6 20. Rd3 Rhc8 21. f4 Rc7 22. Bf2 Nb6 23. Re1 c5 24. g4 Kf7 25. Rd6 Re8 26. b3 Nc8 27. Ra6 Ree7 28. c4 Nb6 29. a4 h6 30. a5 Nd7 31. Rd6 g5 32. Bg3 Rb7 33. Kc2 Nf8 34. Rc6 gxf4 35. Bxf4 e5 36. Bxh6 Ne6 37. Be3 Rbc7 38. Rxc7 Rxc7 39. Rd1 Nd4+ 40. Bxd4 cxd4 41. Kd3 Rb7 42. Rb1 Ke6 43. h4 Rg7 44. Rg1 Rb7 45. Kc2 e4 46. g5 fxg5 47. Rxg5 Kf6 48. c5 Rh7 49. Rd5 Ke6 1/2-1/2

[Event "Sarajevo Bosna op 45th"]
[Site "Sarajevo"]
[Date "2015.05.31"]
[Round "2"]
[White "Mestrovic, Zvonimir"]
[Black "Palac, Mladen"]
[Result "0-1"]
[WhiteElo "2278"]
[BlackElo "2561"]
[PlyCount "66"]
[EventDate "2015.05.30"]
[EventType "swiss"]
[EventRounds "9"]
[EventCountry "BIH"]
[SourceTitle "CBM 166 Extra"]
[Source "ChessBase"]
[SourceDate "2015.06.18"]
[SourceVersion "1"]
[SourceVersionDate "2015.06.18"]
[SourceQuality "1"]

1. e4 c5 2. c3 Nf6 3. e5 Nd5 4. d4 cxd4 5. Bc4 Qc7 6. Qe2 Nb6 7. Bb3 d3 8. Qxd3 Qxe5+ 9. Be3 e6 10. Nf3 Qc7 11. c4 d6 12. Nc3 Bd7 13. 0-0-0 Na6 14. Nd4 Nc5 15. Qe2 a6 16. Bc2 Be7 17. Rhe1 0-0-0 18. Kb1 Kb8 19. Rc1 Rc8 20. b4 Nca4 21. Nxa4 Nxa4 22. Bb3 Bf6 23. Qd1 b5 24. Bxa4 bxa4 25. c5 Qb7 26. Nc2 dxc5 27. Qd6+ Ka8 28. a3 Bb5 29. Red1 Rhd8 30. Qg3 cxb4 31. Rxd8 Rxd8 32. Nxb4 Qe4+ 33. Rc2 Rd4 0-1

[Event "Petrovac op"]
[Site "Petrovac"]
[Date "2015.05.11"]
[Round "6"]
[White "Mestrovic, Zvonimir"]
[Black "Kojovic, Dragan"]
[Result "0-1"]
[WhiteElo "2278"]
[BlackElo "2386"]
[PlyCount "70"]
[EventDate "2015.05.08"]
[EventType "swiss"]
[EventRounds "9"]
[EventCountry "MNE"]
[SourceTitle "CBM 166 Extra"]
[Source "ChessBase"]
[SourceDate "2015.06.18"]
[SourceVersion "1"]
[SourceVersionDate "2015.06.18"]
[SourceQuality "1"]

1. e4 e5 2. Nf3 Nc6 3. Bb5 a6 4. Ba4 Nge7 5. Bb3 h6 6. Nc3 Ng6 7. h4 d6 8. h5 Nf4 9. d4 Nxg2+ 10. Kf1 Nf4 11. Bxf4 exf4 12. Qd2 Na5 13. Qxf4 Nxb3 14. axb3 c6 15. Rg1 Qd7 16. Re1 Qh3+ 17. Ke2 Qxh5 18. Kd2 Rg8 19. d5 g5 20. Qe3 Bd7 21. e5 0-0-0 22. e6 fxe6 23. dxe6 Be8 24. e7 Bxe7 25. Nd4 Rd7 26. Na4 Bd8 27. Ne6 Kb8 28. Nxd8 Rxd8 29. Qb6 Bd7 30. Re7 g4 31. Rge1 Qg5+ 32. R1e3 Qf4 33. Ke1 Rgf8 34. Rc3 Qc1+ 35. Ke2 Rde8 0-1

[Event "Petrovac op"]
[Site "Petrovac"]
[Date "2015.05.11"]
[Round "5"]
[White "Minic, Milan"]
[Black "Mestrovic, Zvonimir"]
[Result "0-1"]
[WhiteElo "2091"]
[BlackElo "2278"]
[PlyCount "91"]
[EventDate "2015.05.08"]
[EventType "swiss"]
[EventRounds "9"]
[EventCountry "MNE"]
[SourceTitle "CBM 166 Extra"]
[Source "ChessBase"]
[SourceDate "2015.06.18"]
[SourceVersion "1"]
[SourceVersionDate "2015.06.18"]
[SourceQuality "1"]

1. d4 Nc6 2. d5 Ne5 3. e4 e6 4. Nf3 Nxf3+ 5. Qxf3 Nf6 6. Bd3 e5 7. 0-0 d6 8. Nc3 Be7 9. h3 0-0 10. Ne2 Nd7 11. Be3 Bg5 12. b4 a5 13. a3 g6 14. g4 Kh8 15. Ng3 Bxe3 16. Qxe3 Qh4 17. Kg2 Nf6 18. Be2 Ne8 19. f4 exf4 20. Rxf4 axb4 21. axb4 Rxa1 22. Qc3+ Kg8 23. Qxa1 Qg5 24. Rf2 Bd7 25. b5 Qe5 26. Rf1 Qe7 27. Qd4 b6 28. Ra1 Qg5 29. Rf1 f6 30. Qc3 Rf7 31. Qd4 Rg7 32. c4 h5 33. Qd1 hxg4 34. hxg4 f5 35. Qc1 Qxc1 36. Rxc1 fxg4 37. Ra1 Rf7 38. Ra7 Kg7 39. Nh1 Kf6 40. Nf2 Ke5 41. Kg3 Nf6 42. Rxc7 Nh5+ 43. Kg2 Nf4+ 44. Kf1 Nxe2 45. Kxe2 g3 46. Nd3+ 0-1

[Event "Petrovac op"]
[Site "Petrovac"]
[Date "2015.05.10"]
[Round "4"]
[White "Mestrovic, Zvonimir"]
[Black "Kravtsiv, Martyn"]
[Result "0-1"]
[WhiteElo "2278"]
[BlackElo "2583"]
[PlyCount "82"]
[EventDate "2015.05.08"]
[EventType "swiss"]
[EventRounds "9"]
[EventCountry "MNE"]
[SourceTitle "CBM 166 Extra"]
[Source "ChessBase"]
[SourceDate "2015.06.18"]
[SourceVersion "1"]
[SourceVersionDate "2015.06.18"]
[SourceQuality "1"]

1. e4 e5 2. Nf3 Nc6 3. Bb5 a6 4. Ba4 Nf6 5. 0-0 Be7 6. Bxc6 dxc6 7. Nc3 Bg4 8. h3 Bh5 9. d3 Nd7 10. Be3 0-0 11. g4 Bg6 12. Ne2 f6 13. Ng3 Nc5 14. Nf5 Ne6 15. d4 Bxf5 16. exf5 exd4 17. Nxd4 Nxd4 18. Qxd4 Qd5 19. Qxd5+ cxd5 20. Bf4 c6 21. Rfe1 Kf7 22. Re6 Rfe8 23. Rae1 Bc5 24. Be3 Bf8 25. Bb6 Bd6 26. Rxe8 Rxe8 27. Rxe8 Kxe8 28. Bd4 c5 29. Be3 d4 30. Bd2 Kd7 31. Kf1 Kc6 32. Ke2 Kd5 33. a4 c4 34. f3 b5 35. axb5 axb5 36. Bc1 Be5 37. h4 Bg3 38. Bd2 Bxh4 39. Bb4 Bg3 40. Bf8 g6 41. Bg7 gxf5 0-1

[Event "Petrovac op"]
[Site "Petrovac"]
[Date "2015.05.09"]
[Round "3"]
[White "Balic, Adnan"]
[Black "Mestrovic, Zvonimir"]
[Result "0-1"]
[WhiteElo "2117"]
[BlackElo "2278"]
[PlyCount "44"]
[EventDate "2015.05.08"]
[EventType "swiss"]
[EventRounds "9"]
[EventCountry "MNE"]
[SourceTitle "CBM 166 Extra"]
[Source "ChessBase"]
[SourceDate "2015.06.18"]
[SourceVersion "1"]
[SourceVersionDate "2015.06.18"]
[SourceQuality "1"]

1. c4 Nc6 2. Nc3 Nf6 3. e4 e5 4. g3 Bc5 5. Bg2 d6 6. Nge2 Be6 7. d3 Qd7 8. Be3 Bh3 9. 0-0 h5 10. Bxc5 dxc5 11. f4 Bxg2 12. Kxg2 h4 13. Nd5 hxg3 14. Nxf6+ gxf6 15. hxg3 0-0-0 16. Rf3 exf4 17. gxf4 Rdg8+ 18. Kf2 Rh2+ 19. Ke1 Nd4 20. Rf2 Rh1+ 21. Rf1 Rxf1+ 22. Kxf1 Qh3+ 0-1

[Event "SLO-CupT"]
[Site "Novo Mesto"]
[Date "2015.03.28"]
[Round "2"]
[White "Justin, Matjaz"]
[Black "Mestrovic, Zvonimir"]
[Result "1-0"]
[WhiteElo "2278"]
[BlackElo "2299"]
[PlyCount "71"]
[EventDate "2015.03.27"]
[EventType "team-swiss"]
[EventRounds "5"]
[EventCountry "SLO"]
[SourceTitle "EXT 2019"]
[Source "ChessBase"]
[SourceDate "2018.10.10"]
[SourceVersion "1"]
[SourceVersionDate "2018.10.10"]
[SourceQuality "1"]
[WhiteTeam "Vrhnika"]
[BlackTeam "Krsko Triglav"]
[WhiteTeamCountry "SLO"]
[BlackTeamCountry "SLO"]

1. e4 Nc6 2. Nf3 d6 3. d4 Nf6 4. Nc3 Bg4 5. d5 Bxf3 6. Qxf3 Nd4 7. Qd3 e5 8. Nd1 c6 9. c3 Nb5 10. Be2 Be7 11. 0-0 0-0 12. Be3 Nc7 13. c4 Na6 14. f3 cxd5 15. cxd5 Qa5 16. Nc3 Bd8 17. Kh1 Bb6 18. Bd2 Bd4 19. Nb5 Qb6 20. Qa3 Bc5 21. Qa4 Qd8 22. b4 Bb6 23. Rac1 Nh5 24. g3 Qd7 25. Kg2 f5 26. exf5 Nf6 27. Qb3 e4 28. Bf4 exf3+ 29. Rxf3 Rae8 30. Nc3 Ne4 31. Bb5 Qxf5 32. Bxe8 Nd2 33. Bd7 Qf6 34. Ne4 Nxe4 35. Be6+ Kh8 36. Bxd6 1-0

[Event "SLO-chT 24th"]
[Site "Slovenia"]
[Date "2014.12.13"]
[Round "8.5"]
[White "Mestrovic, Zvonimir"]
[Black "Kavcic, Zan"]
[Result "1/2-1/2"]
[WhiteElo "2303"]
[BlackElo "2295"]
[PlyCount "50"]
[EventDate "2014.11.14"]
[EventType "team-tourn"]
[EventRounds "9"]
[EventCountry "SLO"]
[SourceTitle "EXT 2016"]
[Source "ChessBase"]
[SourceDate "2015.10.08"]
[SourceVersion "1"]
[SourceVersionDate "2015.10.08"]
[SourceQuality "1"]
[WhiteTeam "Krsko Triglav"]
[BlackTeam "Vrhnika"]
[WhiteTeamCountry "SLO"]
[BlackTeamCountry "SLO"]

1. e4 c5 2. c3 Nf6 3. e5 Nd5 4. d4 cxd4 5. Bc4 Qc7 6. Qe2 Nb6 7. Bb3 Nc6 8. Nf3 d3 9. Qe4 Na5 10. 0-0 Nxb3 11. axb3 e6 12. c4 d5 13. exd6 Bxd6 14. Nc3 Bd7 15. Be3 0-0 16. Qxd3 Be7 17. Nd4 Rfd8 18. Qe4 a6 19. Rfd1 Bf6 20. c5 Nd5 21. Nxd5 exd5 22. Qf3 Rac8 23. b4 Qe5 24. Rd2 Qe4 25. h3 Bxd4 1/2-1/2

[Event "SLO-chT 24th"]
[Site "Slovenia"]
[Date "2014.12.12"]
[Round "7.2"]
[White "Mikhalchishin, Adrian"]
[Black "Mestrovic, Zvonimir"]
[Result "1/2-1/2"]
[WhiteElo "2520"]
[BlackElo "2303"]
[PlyCount "79"]
[EventDate "2014.11.14"]
[EventType "team-tourn"]
[EventRounds "9"]
[EventCountry "SLO"]
[SourceTitle "EXT 2016"]
[Source "ChessBase"]
[SourceDate "2015.10.08"]
[SourceVersion "1"]
[SourceVersionDate "2015.10.08"]
[SourceQuality "1"]
[WhiteTeam "Maribor"]
[BlackTeam "Krsko Triglav"]
[WhiteTeamCountry "SLO"]
[BlackTeamCountry "SLO"]

1. d4 Nc6 2. e4 e5 3. d5 Nce7 4. c4 Ng6 5. Be3 Bb4+ 6. Nd2 Qe7 7. a3 Bc5 8. Bxc5 Qxc5 9. h4 h5 10. b4 Qe7 11. g3 Nf6 12. Bh3 0-0 13. Ngf3 d6 14. Bxc8 Rfxc8 15. 0-0 c6 16. dxc6 bxc6 17. Qe2 Nf8 18. Ng5 Ne6 19. Ndf3 a5 20. Nxe6 Qxe6 21. c5 dxc5 22. bxc5 Qg4 23. Rfe1 Re8 24. Rad1 Rab8 25. Kg2 Rb3 26. Rd3 Rb5 27. Qe3 Qe6 28. Rd6 Ng4 29. Qd2 Qe7 30. Ng5 Rf8 31. Rc1 Qb7 32. Rd8 g6 33. Rxf8+ Kxf8 34. Qd8+ Kg7 35. Rd1 Rb2 36. Ne6+ Kh7 37. Ng5+ Kg7 38. Ne6+ Kh7 39. Ng5+ Kg7 40. Ne6+ 1/2-1/2

[Event "SLO-chT 24th"]
[Site "Slovenia"]
[Date "2014.11.30"]
[Round "6.4"]
[White "Mestrovic, Zvonimir"]
[Black "Supancic, Darko"]
[Result "1/2-1/2"]
[WhiteElo "2303"]
[BlackElo "2336"]
[PlyCount "60"]
[EventDate "2014.11.14"]
[EventType "team-tourn"]
[EventRounds "9"]
[EventCountry "SLO"]
[SourceTitle "EXT 2016"]
[Source "ChessBase"]
[SourceDate "2015.10.08"]
[SourceVersion "1"]
[SourceVersionDate "2015.10.08"]
[SourceQuality "1"]
[WhiteTeam "Krsko Triglav"]
[BlackTeam "Branik"]
[WhiteTeamCountry "SLO"]
[BlackTeamCountry "SLO"]

1. d4 d5 2. Nc3 c6 3. e4 dxe4 4. Nxe4 Bf5 5. Ng3 Bg6 6. Nf3 Nd7 7. Bd3 e6 8. 0-0 Ngf6 9. Re1 Be7 10. c3 0-0 11. Bxg6 hxg6 12. Bg5 Re8 13. Ne5 Nd5 14. Bxe7 Qxe7 15. Nxd7 Qxd7 16. Ne4 Nf6 17. Nxf6+ gxf6 18. Qf3 Kg7 19. Qg3 Rad8 20. h3 Qd6 21. Qxd6 Rxd6 22. Re2 Red8 23. b4 Rd5 24. Rae1 f5 25. Re5 Rxe5 26. Rxe5 Rd5 27. Re1 Kf6 28. f4 Rd8 29. Re5 a6 30. a4 Ke7 1/2-1/2

[Event "SLO-chT 24th"]
[Site "Slovenia"]
[Date "2014.11.29"]
[Round "5.3"]
[White "Czebe, Attila"]
[Black "Mestrovic, Zvonimir"]
[Result "1-0"]
[WhiteElo "2437"]
[BlackElo "2303"]
[PlyCount "83"]
[EventDate "2014.11.14"]
[EventType "team-tourn"]
[EventRounds "9"]
[EventCountry "SLO"]
[SourceTitle "EXT 2016"]
[Source "ChessBase"]
[SourceDate "2015.10.08"]
[SourceVersion "1"]
[SourceVersionDate "2015.10.08"]
[SourceQuality "1"]
[WhiteTeam "Ptuj"]
[BlackTeam "Krsko Triglav"]
[WhiteTeamCountry "SLO"]
[BlackTeamCountry "SLO"]

1. e4 e5 2. Nf3 Nc6 3. Bb5 a6 4. Ba4 d6 5. c3 b5 6. Bb3 Na5 7. Bc2 Bg4 8. h3 Bxf3 9. Qxf3 Be7 10. b4 Nc4 11. a4 Nf6 12. 0-0 0-0 13. Qe2 d5 14. d3 Nb6 15. f4 Nfd7 16. a5 Nc8 17. fxe5 d4 18. cxd4 Nxe5 19. Bb2 Ng6 20. Nd2 Bxb4 21. Nf3 c6 22. Bb3 Bxa5 23. Qc2 Bb6 24. Kh1 h6 25. d5 c5 26. e5 Nce7 27. d6 Nf5 28. Rfe1 Nf4 29. d4 Nxd4 30. Nxd4 cxd4 31. Rf1 Ne6 32. Bc1 d3 33. Qxd3 Nc5 34. Bxf7+ Rxf7 35. Qd5 Raa7 36. Be3 Na4 37. Rxf7 Rxf7 38. e6 Bxe3 39. exf7+ Kf8 40. Re1 Nb6 41. Qe6 Nc4 42. d7 1-0

[Event "SLO-chT 24th"]
[Site "Slovenia"]
[Date "2014.11.28"]
[Round "4.3"]
[White "Mestrovic, Zvonimir"]
[Black "Volf, Ziga"]
[Result "1/2-1/2"]
[WhiteElo "2303"]
[BlackElo "2211"]
[PlyCount "77"]
[EventDate "2014.11.14"]
[EventType "team-tourn"]
[EventRounds "9"]
[EventCountry "SLO"]
[SourceTitle "EXT 2016"]
[Source "ChessBase"]
[SourceDate "2015.10.08"]
[SourceVersion "1"]
[SourceVersionDate "2015.10.08"]
[SourceQuality "1"]
[WhiteTeam "Krsko Triglav"]
[BlackTeam "Novo Mesto Krka"]
[WhiteTeamCountry "SLO"]
[BlackTeamCountry "SLO"]

1. d4 f5 2. Nc3 d5 3. Nf3 Nf6 4. Bg5 c6 5. e3 g6 6. h4 Bg7 7. Bxf6 Bxf6 8. h5 Nd7 9. hxg6 hxg6 10. Rxh8+ Bxh8 11. Nh4 Nf8 12. f4 e5 13. Nf3 exd4 14. exd4 Qe7+ 15. Qe2 Qxe2+ 16. Nxe2 b6 17. a4 Ba6 18. a5 bxa5 19. Rxa5 Bxe2 20. Kxe2 Ne6 21. Ke3 c5 22. c3 cxd4+ 23. cxd4 Rb8 24. Bb5+ Kf8 25. b4 Bf6 26. Bd7 Ke7 27. Bxe6 Kxe6 28. Ra6+ Rb6 29. Rxb6+ axb6 30. b5 Be7 31. Ne5 g5 32. Nc6 gxf4+ 33. Kxf4 Ba3 34. Kg5 Bc1+ 35. Kg6 Be3 36. Nd8+ Kd7 37. Nc6 Ke6 38. Nd8+ Kd7 39. Nc6 1/2-1/2

[Event "SLO-chT 24th"]
[Site "Slovenia"]
[Date "2014.11.15"]
[Round "2.2"]
[White "Mestrovic, Zvonimir"]
[Black "Unuk, Laura"]
[Result "0-1"]
[WhiteElo "2303"]
[BlackElo "2273"]
[PlyCount "70"]
[EventDate "2014.11.14"]
[EventType "team-tourn"]
[EventRounds "9"]
[EventCountry "SLO"]
[SourceTitle "EXT 2016"]
[Source "ChessBase"]
[SourceDate "2015.10.08"]
[SourceVersion "1"]
[SourceVersionDate "2015.10.08"]
[SourceQuality "1"]
[WhiteTeam "Krsko Triglav"]
[BlackTeam "Komenda"]
[WhiteTeamCountry "SLO"]
[BlackTeamCountry "SLO"]

1. d4 d5 2. Nc3 Nf6 3. Bg5 Nbd7 4. Nf3 e6 5. e4 dxe4 6. Nxe4 Be7 7. Bxf6 Bxf6 8. Bd3 0-0 9. Qe2 c5 10. Nxf6+ Qxf6 11. 0-0-0 cxd4 12. Qe4 g6 13. Qxd4 Qxd4 14. Nxd4 e5 15. Nf3 f6 16. h4 Nc5 17. Bc4+ Kg7 18. h5 gxh5 19. Rxh5 Bg4 20. Rh4 h5 21. Rd5 Ne4 22. Nh2 Nxf2 23. Nxg4 hxg4 24. Rd7+ Kg6 25. Rxb7 Rh8 26. Rxh8 Rxh8 27. Kd2 Rh2 28. Bd5 e4 29. Ke3 Rxg2 30. c4 Kf5 31. Kd4 Rg1 32. Ke3 g3 33. Ke2 Ng4 34. Rg7 Rg2+ 35. Ke1 Rxb2 0-1

[Event "SLO-chT 24th"]
[Site "Slovenia"]
[Date "2014.11.14"]
[Round "1.5"]
[White "Cigan, Stefan"]
[Black "Mestrovic, Zvonimir"]
[Result "0-1"]
[WhiteElo "2384"]
[BlackElo "2303"]
[PlyCount "70"]
[EventDate "2014.11.14"]
[EventType "team-tourn"]
[EventRounds "9"]
[EventCountry "SLO"]
[SourceTitle "EXT 2016"]
[Source "ChessBase"]
[SourceDate "2015.10.08"]
[SourceVersion "1"]
[SourceVersionDate "2015.10.08"]
[SourceQuality "1"]
[WhiteTeam "Pomgrad Radenska"]
[BlackTeam "Krsko Triglav"]
[WhiteTeamCountry "SLO"]
[BlackTeamCountry "SLO"]

1. e4 e5 2. Nf3 Nc6 3. Bb5 a6 4. Ba4 d6 5. c3 Nf6 6. d4 Bd7 7. Nbd2 Be7 8. 0-0 0-0 9. Re1 b5 10. Bb3 Bg4 11. h3 Bh5 12. Bd5 Nxd5 13. exd5 Na5 14. b4 Nc4 15. Nxc4 bxc4 16. dxe5 dxe5 17. g4 Bg6 18. Nxe5 Bf6 19. Bf4 Bxe5 20. Rxe5 a5 21. b5 Qd7 22. a4 Rae8 23. Qd4 f6 24. Rxe8 Rxe8 25. Qxc4 h5 26. Qc6 Qf7 27. c4 Re7 28. Ra3 Be4 29. Re3 hxg4 30. hxg4 Qg6 31. f3 Bxf3 32. Rxf3 Re2 33. Kf1 Qc2 34. Kg1 Qd1+ 35. Rf1 Qd4+ 0-1

[Event "CRO-chT1B"]
[Site "Bol"]
[Date "2014.10.11"]
[Round "8.3"]
[White "Mestrovic, Zvonimir"]
[Black "Jovanovic, Milenko"]
[Result "1/2-1/2"]
[WhiteElo "2296"]
[BlackElo "2177"]
[PlyCount "60"]
[EventDate "2014.10.04"]
[EventType "team-tourn"]
[EventRounds "9"]
[EventCountry "CRO"]
[SourceTitle "CBM 162 Extra"]
[Source "ChessBase"]
[SourceDate "2014.10.17"]
[SourceVersion "1"]
[SourceVersionDate "2014.10.17"]
[SourceQuality "1"]
[WhiteTeam "Bibinje Goran"]
[BlackTeam "Vukovar Slaven"]
[WhiteTeamCountry "CRO"]
[BlackTeamCountry "CRO"]

1. e4 e5 2. Nf3 Nc6 3. Bb5 a6 4. Ba4 Nf6 5. 0-0 Be7 6. Bxc6 dxc6 7. d3 Nd7 8. Nbd2 0-0 9. Nc4 Bf6 10. b3 Re8 11. Bb2 c5 12. Ne3 g6 13. Qd2 Nf8 14. Qc3 b6 15. a4 a5 16. Rae1 Bg7 17. Qd2 f6 18. Qe2 Ne6 19. g3 Nd4 20. Nxd4 cxd4 21. Ng2 Bh3 22. f4 Qd7 23. Rf2 Bxg2 24. Kxg2 f5 25. Qf3 exf4 26. gxf4 fxe4 27. Rxe4 Rxe4 28. dxe4 Rf8 29. Bc1 Kh8 30. Qd3 c5 1/2-1/2

[Event "CRO-chT1B"]
[Site "Bol"]
[Date "2014.10.08"]
[Round "5.5"]
[White "Bubicic, Josip"]
[Black "Mestrovic, Zvonimir"]
[Result "0-1"]
[WhiteElo "2028"]
[BlackElo "2296"]
[PlyCount "118"]
[EventDate "2014.10.04"]
[EventType "team-tourn"]
[EventRounds "9"]
[EventCountry "CRO"]
[SourceTitle "CBM 162 Extra"]
[Source "ChessBase"]
[SourceDate "2014.10.17"]
[SourceVersion "1"]
[SourceVersionDate "2014.10.17"]
[SourceQuality "1"]
[WhiteTeam "Zadar"]
[BlackTeam "Bibinje Goran"]
[WhiteTeamCountry "CRO"]
[BlackTeamCountry "CRO"]

1. d4 Nc6 2. Nf3 d6 3. d5 Nb8 4. e4 Nf6 5. Nc3 g6 6. Be2 Bg7 7. h3 0-0 8. 0-0 c6 9. Be3 Nbd7 10. Qd2 cxd5 11. exd5 Re8 12. Rfe1 a6 13. a4 Qa5 14. b4 Qc7 15. a5 b5 16. Ra3 Bb7 17. Rc1 Rac8 18. Ng5 Ne5 19. Bb6 Nc4 20. Qd4 Qd7 21. Bxc4 Rxc4 22. Qd3 Rec8 23. Nge4 Nxe4 24. Nxe4 Bb2 25. Raa1 Qf5 26. f3 Bxd5 27. Nf2 Bxc1 28. Rxc1 Rxc2 29. Rxc2 Rxc2 30. Qe3 e5 31. Ng4 Kf8 32. Qh6+ Ke7 33. Ne3 Qd3 34. Qh4+ Ke6 35. Nxc2 Qxc2 36. Qd8 Qc6 37. Qh8 Bb3 38. Bd8 Kd5 39. Qxh7 Qc1+ 40. Kh2 Qf4+ 41. Kg1 Kc4 42. Be7 Qd4+ 43. Kh1 Kxb4 44. Qg7 Kc3 45. Qf6 e4 46. Qxd4+ Kxd4 47. fxe4 Ke5 48. Kg1 Bc2 49. Kf2 Bxe4 50. g3 b4 51. Ke3 g5 52. h4 gxh4 53. gxh4 f5 54. Kd2 f4 55. Bd8 Kf5 56. Bc7 f3 57. Bxd6 b3 58. Ba3 Kg4 59. Ke3 Kg3 0-1

[Event "CRO-chT1B"]
[Site "Bol"]
[Date "2014.10.07"]
[Round "4.1"]
[White "Mestrovic, Zvonimir"]
[Black "Krnic, Ivan"]
[Result "1-0"]
[WhiteElo "2296"]
[BlackElo "2154"]
[PlyCount "95"]
[EventDate "2014.10.04"]
[EventType "team-tourn"]
[EventRounds "9"]
[EventCountry "CRO"]
[SourceTitle "CBM 162 Extra"]
[Source "ChessBase"]
[SourceDate "2014.10.17"]
[SourceVersion "1"]
[SourceVersionDate "2014.10.17"]
[SourceQuality "1"]
[WhiteTeam "Bibinje Goran"]
[BlackTeam "Split Brda"]
[WhiteTeamCountry "CRO"]
[BlackTeamCountry "CRO"]

1. e4 e5 2. Nf3 Nc6 3. Bb5 Nge7 4. 0-0 a6 5. Bc4 Ng6 6. d4 Be7 7. d5 Nb8 8. g3 d6 9. h4 Bg4 10. Be2 Bf6 11. Ng5 Bxe2 12. Qxe2 Bxg5 13. hxg5 c6 14. Nc3 Nd7 15. a4 cxd5 16. Nxd5 Ne7 17. Rd1 Nc6 18. Be3 0-0 19. Qg4 Nd4 20. Bxd4 exd4 21. f4 Nb6 22. Qf5 Nxd5 23. Qxd5 Rc8 24. Rd2 Qb6 25. Qxd4 Qxd4+ 26. Rxd4 Rxc2 27. b4 f6 28. gxf6 Rxf6 29. Rad1 Rg6 30. R1d3 Rb2 31. Kf1 h6 32. f5 Rf6 33. Rd2 Rxd2 34. Rxd2 h5 35. Rd5 g6 36. Kg2 Kg7 37. Kf3 g5 38. b5 axb5 39. Rxb5 Rf7 40. Rb6 Rd7 41. e5 g4+ 42. Kf4 dxe5+ 43. Kg5 e4 44. Re6 h4 45. Kxh4 Rd4 46. Kg5 Rxa4 47. f6+ Kf8 48. Kg6 1-0